Journal of African economies. (Record no. 262)

MARC details
000 -LEADER
fixed length control field 02944cas a2200757 a 4500
001 - CONTROL NUMBER
control field 11418719
003 - CONTROL NUMBER IDENTIFIER
control field OSt
005 - DATE AND TIME OF LATEST TRANSACTION
control field 20230605103515.0
007 - PHYSICAL DESCRIPTION FIXED FIELD--GENERAL INFORMATION
fixed length control field cr mnu||||||||
008 - FIXED-LENGTH DATA ELEMENTS--GENERAL INFORMATION
fixed length control field 921026c19929999enkqn p 0 0eng c
010 ## - LIBRARY OF CONGRESS CONTROL NUMBER
LC control number 93642878
Canceled/invalid LC control number sn 92018016
015 ## - NATIONAL BIBLIOGRAPHY NUMBER
National bibliography number GB9247922
Source bnb
016 7# - NATIONAL BIBLIOGRAPHIC AGENCY CONTROL NUMBER
Record control number 1106568-0
Source DE-600
016 7# - NATIONAL BIBLIOGRAPHIC AGENCY CONTROL NUMBER
Record control number 101086019
Source DNLM
016 7# - NATIONAL BIBLIOGRAPHIC AGENCY CONTROL NUMBER
Record control number 012480790
Source Uk
022 ## - INTERNATIONAL STANDARD SERIAL NUMBER
International Standard Serial Number 0963-8024
ISSN-L 0963-8024
035 ## - SYSTEM CONTROL NUMBER
System control number (OCoLC)ocm26862593
040 ## - CATALOGING SOURCE
Original cataloging agency PSC
Language of cataloging eng
Transcribing agency PSC
Modifying agency CLU
-- NST
-- HUL
-- DLC
-- IUL
-- DLC
-- MYG
-- EYM
-- NYG
-- IUL
-- MYG
-- NSD
-- MYG
-- OCL
-- IUL
-- SYS
-- IUL
-- NLM
-- IUL
-- MYG
-- NLGGC
-- ZCU
-- TSU
-- HLS
-- OCLCQ
-- HEBIS
-- OCLCQ
-- OCLCF
-- BEDGE
-- OCLCO
-- LOA
-- UKMGB
-- L2U
-- OCLCQ
-- PWQ
-- CGU
-- PUL
042 ## - AUTHENTICATION CODE
Authentication code pcc
043 ## - GEOGRAPHIC AREA CODE
Geographic area code f------
050 00 - LIBRARY OF CONGRESS CALL NUMBER
Classification number HC800.A1
Item number J68
050 14 - LIBRARY OF CONGRESS CALL NUMBER
Classification number DT1
082 00 - DEWEY DECIMAL CLASSIFICATION NUMBER
Classification number 330.96/005
Edition number 20
Item number JAE
245 00 - TITLE STATEMENT
Title Journal of African economies.
260 ## - PUBLICATION, DISTRIBUTION, ETC. (IMPRINT)
Place of publication, distribution, etc. Oxford :
Name of publisher, distributor, etc. Oxford University Press,
Date of publication, distribution, etc. 1992-
300 ## - PHYSICAL DESCRIPTION
Extent volumes :
Other physical details illustrations ;
Dimensions 24 cm
310 ## - CURRENT PUBLICATION FREQUENCY
Current publication frequency 5 issues a year,
Date of current publication frequency 2007-
321 ## - FORMER PUBLICATION FREQUENCY
Former publication frequency Three issues a year,
Dates of former publication frequency 1992-
321 ## - FORMER PUBLICATION FREQUENCY
Former publication frequency Quarterly,
Dates of former publication frequency <1999>-2006
336 ## - CONTENT TYPE
Content type term text
Content type code txt
Source rdacontent
337 ## - MEDIA TYPE
Media type term unmediated
Media type code n
Source rdamedia
338 ## - CARRIER TYPE
Carrier type term volume
Carrier type code nc
Source rdacarrier
362 0# - DATES OF PUBLICATION AND/OR SEQUENTIAL DESIGNATION
Dates of publication and/or sequential designation Vol. 1, no. 1 (Mar. 1992)-
500 ## - GENERAL NOTE
General note Title from cover.
525 ## - SUPPLEMENT NOTE
Supplement note Has also supplements.
530 ## - ADDITIONAL PHYSICAL FORM AVAILABLE NOTE
Additional physical form available note Also issued online.
555 ## - CUMULATIVE INDEX/FINDING AIDS NOTE
Cumulative index/finding aids note Vols. 1 (1992)-5 (1996), in v. 5, no. 3.
588 ## - SOURCE OF DESCRIPTION NOTE
Source of description note Latest issue consulted: Vol. 15, no. 2 (June 2006).
590 ## - LOCAL NOTE (RLIN)
Local note SERBIB/SERLOC merged record
648 #7 - SUBJECT ADDED ENTRY--CHRONOLOGICAL TERM
Chronological term Since 1960
Source of heading or term fast
650 #7 - SUBJECT ADDED ENTRY--TOPICAL TERM
Topical term or geographic name as entry element Conditions économiques.
Source of heading or term eclas
650 #7 - SUBJECT ADDED ENTRY--TOPICAL TERM
Topical term or geographic name as entry element Publications périodiques.
Source of heading or term eclas
650 #7 - SUBJECT ADDED ENTRY--TOPICAL TERM
Topical term or geographic name as entry element economic situation.
Source of heading or term eurovocen
650 #7 - SUBJECT ADDED ENTRY--TOPICAL TERM
Topical term or geographic name as entry element economic policy.
Source of heading or term eurovocen
650 #7 - SUBJECT ADDED ENTRY--TOPICAL TERM
Topical term or geographic name as entry element Africa.
Source of heading or term eurovocen
650 #7 - SUBJECT ADDED ENTRY--TOPICAL TERM
Topical term or geographic name as entry element Economic history.
Source of heading or term fast
Authority record control number (OCoLC)fst00901974
650 #7 - SUBJECT ADDED ENTRY--TOPICAL TERM
Topical term or geographic name as entry element Economic policy.
Source of heading or term fast
Authority record control number (OCoLC)fst00902025
650 17 - SUBJECT ADDED ENTRY--TOPICAL TERM
Topical term or geographic name as entry element Economische situatie.
Source of heading or term gtt
650 17 - SUBJECT ADDED ENTRY--TOPICAL TERM
Topical term or geographic name as entry element Economische geschiedenis.
Source of heading or term gtt
651 #0 - SUBJECT ADDED ENTRY--GEOGRAPHIC NAME
Geographic name Africa
General subdivision Economic conditions
Chronological subdivision 1960-
Form subdivision Periodicals.
651 #0 - SUBJECT ADDED ENTRY--GEOGRAPHIC NAME
Geographic name Africa
General subdivision Economic policy
Form subdivision Periodicals.
651 #7 - SUBJECT ADDED ENTRY--GEOGRAPHIC NAME
Geographic name Afrique.
Source of heading or term eclas
651 #7 - SUBJECT ADDED ENTRY--GEOGRAPHIC NAME
Geographic name Africa.
Source of heading or term fast
Authority record control number (OCoLC)fst01239509
655 #7 - INDEX TERM--GENRE/FORM
Genre/form data or focus term Periodicals.
Source of term fast
Authority record control number (OCoLC)fst01411641
655 #7 - INDEX TERM--GENRE/FORM
Genre/form data or focus term Periodicals.
Source of term lcgft
Authority record control number http://id.loc.gov/authorities/genreForms/gf2014026139
-- (uri) http://id.loc.gov/authorities/genreForms/gf2014026139
776 08 - ADDITIONAL PHYSICAL FORM ENTRY
Relationship information Online version:
Title Journal of African economies (Online)
International Standard Serial Number 1464-3723
Record control number (DLC) 00238344
-- (OCoLC)42910154
776 08 - ADDITIONAL PHYSICAL FORM ENTRY
Relationship information Online version:
Title Journal of African economies
Record control number (OCoLC)607525791
906 ## - LOCAL DATA ELEMENT F, LDF (RLIN)
a 7
b cbc
c serials
d 2
e ncip
f 19
g n-oclcserc
942 ## - ADDED ENTRY ELEMENTS (KOHA)
Source of classification or shelving scheme Dewey Decimal Classification
Koha item type Books
Holdings
Withdrawn status Lost status Source of classification or shelving scheme Damaged status Not for loan Home library Current library Date acquired Total Checkouts Full call number Barcode Date last seen Price effective from Koha item type Checked out
    Dewey Decimal Classification     Bunge Tower Library Bunge Tower Library 06/05/2023   330.96/005 JAE 10008614 06/05/2023 06/05/2023 Books  
    Dewey Decimal Classification     Bunge Tower Library Bunge Tower Library 06/05/2023   330.96/005 JAE 10008790 06/05/2023 06/05/2023 Books  
    Dewey Decimal Classification     Bunge Tower Library Bunge Tower Library 06/05/2023   330.96/005 JAE 1000044 06/05/2023 06/05/2023 Books 12/13/2019
    Dewey Decimal Classification     Bunge Tower Library Bunge Tower Library 06/05/2023   330.96/005 JAE 10008793 06/05/2023 06/05/2023 Books  
    Dewey Decimal Classification     Bunge Tower Library Bunge Tower Library 06/05/2023   330.96/005 JAE 10008795 06/05/2023 06/05/2023 Books  
    Dewey Decimal Classification     Bunge Tower Library Bunge Tower Library 06/05/2023   330.96/005 JAE 10008794 06/05/2023 06/05/2023 Books  
    Dewey Decimal Classification     Bunge Tower Library Bunge Tower Library 06/05/2023   330.96/005 JAE 10008611 06/05/2023 06/05/2023 Books  
    Dewey Decimal Classification     Bunge Tower Library Bunge Tower Library 06/05/2023   330.96/005 JAE 10008792 06/05/2023 06/05/2023 Books  
    Dewey Decimal Classification     Bunge Tower Library Bunge Tower Library 06/05/2023   330.96/005 JAE 10015165 06/05/2023 06/05/2023 Books  
    Dewey Decimal Classification     Bunge Tower Library Bunge Tower Library 06/05/2023   330.96/005 JAE 10008791 06/05/2023 06/05/2023 Books  
    Dewey Decimal Classification     Bunge Tower Library Bunge Tower Library 06/05/2023   330.96/005 JAE 10008785 06/05/2023 06/05/2023 Books  
    Dewey Decimal Classification     Bunge Tower Library Bunge Tower Library 06/05/2023   330.96/005 JAE 10008787 06/05/2023 06/05/2023 Books  
    Dewey Decimal Classification     Bunge Tower Library Bunge Tower Library 06/05/2023   330.96/005 JAE 10008788 06/05/2023 06/05/2023 Books  
    Dewey Decimal Classification     Bunge Tower Library Bunge Tower Library 06/05/2023   330.96/005 JAE 10008789 06/05/2023 06/05/2023 Books  
    Dewey Decimal Classification     Bunge Tower Library Bunge Tower Library 06/05/2023   330.96/005 JAE 10015164 06/05/2023 06/05/2023 Books  
    Dewey Decimal Classification     Bunge Tower Library Bunge Tower Library 06/05/2023   330.96/005 JAE 10008783 06/05/2023 06/05/2023 Books  
LIBRARY OPENING HOURS

When the Parliament is sitting: 8.00a.m - 7.00p.m or until the house adjourns
Mondays and Fridays and when the House is on Recess:  8.00a.m - 5.00p.m
Closed on Weekends and Public Holidays

Online Public Access Catalog (OPAC)
Website: http://www.parliament.go.ke
Bunge Library: https://libraryir.parliament.go.ke
Contact: library@parliament.go.ke | Tel no: (254-2)2221291 or 2848000 Ext 5043